00724nam a22002057a 450000500170000001000150001702000260003203500140005803700090007208200130008110000290009424500470012325000060017026000440017627000780022030000210029894200240031999900190034395201560036220250529155824.0 aENG-145049 a9789391317836c300.00 aEN-128581 bDBAD a380.121 aTripathi, Sandeep981446 aDigital Marketing Hacks/cSandeep Tripathi a1 aNoidac2022bJAI3E Books and Publishing a2203, Express Trade Towers-2, Sector-132mjaip3e@gmail.combNoidae201304 a150p.c22cm (hb) 2ddccENh380.1mTRI c211446d211446 001040708NFICaNPLbNPLd2025-05-29eDelivery of Books Act Divisiong300.00l0o380.1 TRIpEN-128581r2025-05-29 00:00:00t1v300.00w2025-05-29yEN